Online Catalogue and eLibrary

Negotiating Household Politics : (Record no. 5778)

MARC details
000 -LEADER
fixed length control field 00468nam a2200169Ia 4500
005 - DATE AND TIME OF LATEST TRANSACTION
control field 20240528055600.0
008 - FIXED-LENGTH DATA ELEMENTS--GENERAL INFORMATION
fixed length control field 240331s9999 xx 000 0 und d
020 ## - INTERNATIONAL STANDARD BOOK NUMBER
ISBN 9559102737
082 ## - DDC Classification
Item Number - Author Mark KOt
Class No. 640.554
100 ## - MAIN ENTRY--PERSONAL NAME
Personal name Kottegoda,Sepali
245 #0 - TITLE STATEMENT
Title Negotiating Household Politics :
Remainder of title Women's Strategies in Urban Sri Lanka
260 ## - PUBLICATION, DISTRIBUTION, ETC.
Place of publication, distribution, etc. Sri Lanka
Name of publisher, distributor, etc. Social Scientists Association
Date of publication, distribution, etc. 2004
300 ## - PHYSICAL DESCRIPTION
Extent (e.g. Volumes, Pages etc.) vi, 269 p .,
650 ## - SUBJECT ADDED ENTRY--TOPICAL TERM
Topical term or geographic name entry element woman
650 ## - SUBJECT ADDED ENTRY--TOPICAL TERM
Topical term or geographic name entry element Social
942 ## - Koha item type (Biblio)
Koha item type Books in Stacks (Lending)
Holdings
Lost status Damaged status Collection code Home library Current library Shelving location Date acquired Full call number Accession Number Item type
    Lending WERC Library WERC Library Social Science Cupboard 03/31/2024 640.554 KOt 6771 Books in Stacks (Lending)

© WERC Library